• 首页
  • 本馆介绍
  • 公告通知
  • 最新文献
  • 馆藏检索
  • 电子资源
  • 读者导购
  • 参考咨询
  • 我的图书馆
  • 登录
  • 详细信息显示
  • 放入我的书架
  • 预约/预借图书
  • 作者相关作品
  • 分类相关作品
  • 丛书相关作品
  • 出版社相关作品

书目信息

  • 表格格式
  • 工作单格式
  • 卡片格式
题名:
大学法语四级词汇精解与自测
    
 
作者: 陈路 , 白琰媛 , 文慧静 主编
分册:  
出版信息: 上海   东华大学出版社  2016.04
页数: 405页
开本: 21cm
丛书名:
单 册:
中图分类: H323.1
科图分类:
主题词: 法语--词汇--水平考试--自学参考资料
电子资源:
ISBN: 978-7-5669-1029-5
000 01217nam0 2200289 450
001 0120161839387
005 20170908104455.89
010    @a978-7-5669-1029-5@dCNY30.00
100    @a20160607d2016 em y0chiy50 ea
101 0  @achi@afre
102    @aCN@b310000
105    @ay z 000yy
106    @ar
200 1  @a大学法语四级词汇精解与自测@9da xue fa yu si ji ci hui jing jie yu zi ce@dVocabulaire selectionne des tests des Francais universitaire niveau 4: explications et auto-evaluation@f陈路,白琰媛,文慧静主编@zfre
205    @a3版
210    @a上海@c东华大学出版社@d2016.04
215    @a405页@d21cm
330    @a本书有两个特点:一是对每个词汇的主要意思进行了详尽的解释,并配以大量的例句。二是本书选取了历年的真题(1996-2014),有针对性地放在某些词汇之后,并对其进行了详尽的分析。
333    @a高校法语专业师生
510 1  @aVocabulaire selectionne des tests des Francais universitaire niveau 4: explications et auto-evaluation@zfre
606 0  @a法语@x词汇@x水平考试@j自学参考资料
690    @aH323.1@v5
701  0 @a陈路@9chen lu@4主编
701  0 @a白琰媛@9bai yan yuan@4主编
701  0 @a文慧静@9wen hui jing@4主编
801  0 @aCN@b人天书店@c20160607
905    @b996072-77@dH323.1@e128=3@f6
    
    大学法语四级词汇精解与自测=Vocabulaire selectionne des tests des Francais universitaire niveau 4: explications et auto-evaluation/陈路,白琰媛,文慧静主编.-3版.-上海:东华大学出版社,2016.04
    405页;21cm
    使用对象:高校法语专业师生
    
    ISBN 978-7-5669-1029-5:CNY30.00
    本书有两个特点:一是对每个词汇的主要意思进行了详尽的解释,并配以大量的例句。二是本书选取了历年的真题(1996-2014),有针对性地放在某些词汇之后,并对其进行了详尽的分析。
●
相关链接 在E读中查询图书 在五车中查询图书 在当当中查询图书 在豆瓣中查询图书


正题名:大学法语四级词汇精解与自测     索取号:H323.1/128=3         预约/预借

序号 登录号 条形码 馆藏地/架位号 状态 备注
1 1055324   210553248   第四借阅区/ [索取号:H323.1/128=3] 在馆    
2 996072   209960728   第二样本阅览室/ [索取号:H323.1/128=3] 在馆    
3 996073   209960737   第四借阅区/ [索取号:H323.1/128=3] 在馆    
4 996074   209960746   密集书库—外国语学院/ [索取号:H323.1/128=3] 在馆    
5 996075   209960755   第四借阅区/ [索取号:H323.1/128=3] 在馆    
6 996077   209960773   第四借阅区/ [索取号:H323.1/128=3] 在馆    
唐山师范学院图书馆 欢迎您!
大连网信软件有限公司© 版权所有